000 01604nam a2200457 4500
001 21250
003 VRT
005 20260225145945.0
008 231103s2023 xo a br 000 j slo
015 _aSNBA2023/11
020 _a9788010042838
_q(viazané)
039 9 _a202311141010
_bmsnk24
040 _aSNK
_bslo
_cSNK
_erda
041 0 _aslo
044 _axo
_cSK
072 7 _a821.162.4-3
_xSlovenská próza
_2konspekt
072 7 _a821-93
_xLiteratúra pre deti a mládež (beletria)
_2konspekt
080 _a821.162.4-34
_22011
080 _a82-34:808.1
_22011
080 _a82-93-053.4/.5
_22011
100 1 _aĎuríčková, Mária,
_d1919-2004
_4aut
245 1 0 _aDanka a Janka
_bDanka a Janka v rozprávke
_cMária Ďuríčková ; ilustrovala Božena Plocháňová
246 3 0 _aDanka a Janka v rozprávke
250 _a14. vydanie
264 1 _aBratislava
_bSPN - Mladé letá
_c2023
300 _a85 strán
_bfarebné ilustrácie
_c24 cm
336 _atext
_btxt
_2rdacontent
337 _abez média
_bn
_2rdamedia
338 _azväzok
_bnc
_2rdacarrier
655 7 _aslovenské rozprávky
_2SNKPH
655 7 _aautorské rozprávky
_2SNKPH
655 7 _aSlovak fairy tales
_2SNKPHeng
655 7 _aAuthor fairy tales
_2SNKPHeng
655 7 _aliteratúra pre deti
_2SNKPH
655 7 _aChildren's literature
_2SNKPHeng
700 1 _aPlocháňová, Božena,
_d1929-2020
_4ill
942 _2ddc
_cKLDE
_n0
949 _617A1538544
_asnkSC 204050
_bsnk2023/15868
_o1541/2023
949 _617A1538545
_asnkSC 204050 D1
_bsnk2023/15869
_o1541/2023
999 _c21250
_d21250